Tricks /

সংরক্ষণ করুন:
গ্রন্থ-পঞ্জীর বিবরন
প্রধান লেখক: Camus, Renaud
অন্যান্য লেখক: Barthes, Roland
বিন্যাস: গ্রন্থ
ভাষা:ইতালিয়
প্রকাশিত: L'Aquila : Textus, 2012
ট্যাগগুলো: ট্যাগ যুক্ত করুন
কোনো ট্যাগ নেই, প্রথমজন হিসাবে ট্যাগ করুন!

MARC

LEADER 00000nam a22000007i 4500
001 IT\ICCU\RMS\2528051
003 ItRI
005 20250908190735.0
008 120613s2012 it |||||| ||||| |||||c
020 |a 9788887132823 
040 |b ita  |c ct 
041 7 |a ita  |2 ISO-639-2 
082 |a 843.914  |2 20 
100 1 |a Camus, Renaud  |0 IT\ICCU\MILV\179797 
240 1 0 |a Trichs 
245 1 0 |a Tricks /  |c Renaud Camus ; prefazione di Roland Barthes. 
260 |a L'Aquila :  |b Textus,  |c 2012 
300 |a 267 p. ;  |c 21 cm. 
700 1 |a Barthes, Roland  |0 IT\ICCU\CFIV\016752 
942 |2 ddc  |c BK 
952 |0 0  |1 0  |2 ddc  |4 0  |6 B_LNR02CAMRETRI  |7 0  |9 9154  |a MI  |b MI  |d 2012-06-01  |i 6430  |l 0  |o B-LNR02-CAMRE-TRI  |p CDOM6430  |r 2025-07-17 21:50:00  |w 2025-07-17  |x DONO  |y BK 
981 1 |6 z01  |a i   |b xxxe  
982 1 |6 z01  |a n 
999 |c 7627  |d 7627